Регионална библиотека "Любен Каравелов" - Русе

Ще се видим в Париж (Запис номер 177861)

MARC детайли
000 -Лидер
Контролно поле с фиксирана дължина 01330nam a2200349 c 4500
003 - Код на организацията, давaща контролен номер
Контролно поле BLK
005 - Дата и час на последна редакция
Контролно поле 20240912180308.0
008 - Елементи от данни с фиксирана дължина
fixed length control field 180411b bul|||||r ||||||| ||bul||
010 ## - Наследен системен номер
LC control number KNG00186558000
020 ## - Международен стандартен номер на книга ISBN
Международен стандартен номер на книга ISBN 978-619-151-280-5
-- издат.: СофтПрес
040 ## - Източник на каталожния запис
Идентификатор на билиотеката - собственик на записа BLK
041 ## - Код за език
Код за езика на текст/звукозапис или на отделно заглавие Български
Код за езика КДБФ Български
072 #7 - Код за тематичната категория
Код организация bullib
Код за тематична категория Н83
Текст Чужда художествена литература Н
080 ## - УДК
Текстов определител УДК Американска литература (на САЩ)
УДК код - определител по УДК 821.111(73)
УДК определител -31
УДК - код + определител 821.111(73)-31
100 1# - Редна дума - Автор
Автор Гейбъл, Мишел
Авторска отговорност първи автор
R(LIN) 51677
139 ## - Редно поле
Редна дума Гейбъл, Мишел
Авторски знак Гед - Г 28
245 10 - Сведения за заглавието
Заглавие Ще се видим в Париж
Подзаглавни данни Роман
Редно поле (дума) Мишел Гейбъл; прев. Милена Радева.
257 ## - Страна на издаване
Страна на създаване/издаване Съединени американски щати
260 ## - Област на издателските данни
-- София
Име на издателя, разпространителя и проч. СофтПрес
Година на издаване 2016
Печатница Добрич : Фолиарт
300 ## - Физическа характеристика
Страници 448 с.
Размери/Мащаб 20 см
380 ## - Жанр
Жанр Худож. лит.
500 ## - Общи забележки
Забележка Ориг. загл. I'll See You in Paris / Michelle Gable.
653 ## - Ключова дума – ненормативна
Ключова дума романи
659 ## - Тематичен бюлетин
Тематичен бюлетин Н
700 1# - Други автори (авторска отговорност)
Лично име Радева, Милена
Автороска отговорност (Описва отношението между автора и произведението) прев.
9 (RLIN) 369662
852 ## - Местоположение
Форматна сигнатура Цб 279569
856 4# - Електронен адрес и достъп
Електронен формат pdf - файл
Път до файла /url/
856 4# - Електронен адрес и достъп
Електронен формат pdf - файл
Път до файла /url/
942 ## - АРТИКУЛИ
Вид на библиотечния материал Книги
Скрит в OPAC Не
Koha issues (borrowed), all copies 80
944 ## - СЪЗДАВАНЕ И РЕДАКЦИЯ на ЗАПИСА
Създаване/Редакция Създаване
Дата на регистрацията/редакция 17.02.2016
Статус, дата на статуса Галина Якимова
Служител, извършил регистрацията/редакцията 30564
944 ## - СЪЗДАВАНЕ И РЕДАКЦИЯ на ЗАПИСА
Създаване/Редакция Редакция
Дата на регистрацията/редакция 14.09.2017
Статус, дата на статуса ф /
Служител, извършил регистрацията/редакцията Пенка_Димитрова
999 ## - СИСТЕМНИ КОНТРОЛНИ НОМЕРА
Koha biblionumber 177861
Koha biblioitemnumber 177861
Наличности
Код за отписване Код за изгубен артикул Източник на класификационната схема Код за повреда Коз за рестрикции Код за отдаване Артикулен № Име на библиотеката - собственик Име на библиотеката, в която се намира в момента Статус (Текущо местоположение) Дата на вписване в системата Местоположение - отдел Цена в лева Инвентарен номер Систематично азбучна сигнатура Баркод Номер на екземпляра Цена в евро Служебна бележка Служебен тип на артикула
  Не е изгубен Universal Decimal Classification Не е повреден без рестрикции заемане за дома 305548 Регионална библиотека "Любен Каравелов" Русе Регионална библиотека "Любен Каравелов" Русе Заемна - подръчен фонд 2016-02-19 Заемна - подръчен фонд 13.26 120000797930 П 820(73)-31/Г 28 120000797930 1 6.78 Дост: Pk Вид: Ф N: 612 Дата: 13.02.2016 Дата инв: 16.02.2018 Бележки инв: П2018 Книги
  Не е изгубен Universal Decimal Classification Не е повреден без рестрикции заемане за дома 305549 Регионална библиотека "Любен Каравелов" Русе Регионална библиотека "Любен Каравелов" Русе Заемна - подръчен фонд 2016-02-19 Заемна - подръчен фонд 13.26 120000797931 П 821-31/Г 28 120000797931 2 6.78 Дост: Pk Вид: Ф N: 612 Дата: 13.02.2016 Книги
  Не е изгубен   Не е повреден без рестрикции ползва се в читалня 305550 Регионална библиотека "Любен Каравелов" Русе Регионална библиотека "Любен Каравелов" Русе Хранилище 2017-09-14 Хранилище 17.00 120000814789 Цб 279569 120000814789 3 8.69 Дост: Dp Вид: Д N: 31 Дата: 04.07.2017 Книги
Vip Innovations Ltd, Rousse, Bulgaria 2025